000 00638nam a2200241Ia 4500
005 20250425162327.0
008 250425s9999 xx 000 0 und d
020 _a080773425X
041 _aeng
082 _a371.146
100 _aGUSKEY, THOMAS R
245 0 _aPROFESSIONAL DEVELOPMENT IN EDUCATION: NEW PARADIGMS AND PRACTICES
250 _aS.E.
260 _aEstados Unidos
_bTEACHERS COLLEGE PRESS
_c1995
260 _aNEW YORK
300 _a290
650 _aADIESTRAMIENTO
650 _aEDUCACION
650 _aEVALUACION DE DESARROLLO PROFESIONAL
700 _aHUBERMAN, MICHAEL
942 _c01
010 _a62534
999 _c226955
_d226955